01060nam a2200277 a 450000100080000000500110000800800410001902200140006010000220007424500660009626000320016230000100019449000300020452003750023465300150060965300210062465300110064565300210065665300180067765300140069565300150070965300150072465300180073965300120075765300130076910100392016-03-31 1987 bl uuuu u0uu1 u #d a0101-89491 aPEREIRA, D. E. D. aColeta de amostras para análises de resíduos de pesticidas. aVitória, ES : EMCAPAc1987 a44 p. a(EMCAPA. Documentos, 39). aRevisão bibliográfica. Regras gerais de amostragem no campo. Cuidados para evitar a contaminação. Amostras testemunhas. Transporte e armazenamento. Processamento para amostragem de produtos agrícolas. Coleta de amostras do meio ambiente. Processamento para amostragem de produtos líquidos. Outros tipos de amostras. Literatura citada. Modelos de fixas de amostras. aAmostragem aChemical control aColeta aControle quimico aMeio ambiente aPesticida aPesticides aPraguicida aProcessamento aResidue aResíduo